[Event "Niedersachsen-ch op A"]
[Site "Verden"]
[Date "2018.01.07"]
[Round "7"]
[White "Evering, Soeren"]
[Black "Schoenfeld, Dietmar"]
[Result "0-1"]
[WhiteElo "1898"]
[BlackElo "1856"]
[PlyCount "78"]
[EventDate "2018.01.04"]
[EventType "swiss"]
[EventRounds "7"]
[EventCountry "GER"]
[SourceTitle "EXT 2022"]
[Source "ChessBase"]
[SourceDate "2021.10.06"]
[SourceVersion "1"]
[SourceVersionDate "2021.10.06"]
[SourceQuality "1"]

1. e4 c5 2. Nf3 d6 3. d4 cxd4 4. Nxd4 Nf6 5. Nc3 a6 6. Bg5 e6 7. f4 Be7 8. Qe2 Nbd7 9. 0-0-0 Qc7 10. g4 b5 11. a3 Bb7 12. Bh4 Nc5 13. Bg2 0-0-0 14. g5 Nfd7 15. Bf2 Nb6 16. h4 d5 17. e5 g6 18. Nb1 Kb8 19. Be1 Nc4 20. Rh3 Rc8 21. Bf1 Ne4 22. Bg2 Rhd8 23. Nd2 Nexd2 24. Bxd2 Qb6 25. Bc3 a5 26. Nb3 b4 27. Bd4 Qc6 28. axb4 axb4 29. Nd2 Ne3 30. Nb3 Nxd1 31. Qxd1 Ba6 32. Na1 Rd7 33. Bf1 Bxf1 34. Qxf1 Rdc7 35. Qd3 Qc4 36. Qd1 Bc5 37. Bxc5 Rxc5 38. Rh2 Qa2 39. Nb3 Qxb3 0-1

[Event "Hannover Region-ch"]
[Site "Hannover"]
[Date "2016.03.19"]
[Round "5"]
[White "Herrmann, Andreas"]
[Black "Schoenfeld, Dietmar"]
[Result "0-1"]
[WhiteElo "2140"]
[BlackElo "1915"]
[PlyCount "114"]
[EventDate "2016.01.16"]
[EventType "swiss"]
[EventRounds "7"]
[EventCountry "GER"]
[SourceTitle "EXT 2020"]
[Source "ChessBase"]
[SourceDate "2019.10.17"]
[SourceVersion "1"]
[SourceVersionDate "2019.10.17"]
[SourceQuality "1"]

1. c4 e5 2. Nc3 Nc6 3. g3 g6 4. Bg2 Bg7 5. d3 Nf6 6. Nf3 0-0 7. 0-0 d6 8. Bd2 h6 9. a3 a5 10. Rb1 Be6 11. b4 axb4 12. axb4 Qd7 13. b5 Nd8 14. Re1 Bh3 15. Bh1 Nh5 16. Nd5 f5 17. Nh4 Kh7 18. e3 Ra2 19. Nb4 Ra8 20. Ng2 Qf7 21. Nd5 Ne6 22. f4 Bg4 23. Qc2 g5 24. fxe5 dxe5 25. Bb4 Rfe8 26. Bc3 c6 27. bxc6 bxc6 28. Nb4 Rac8 29. Rf1 Kh8 30. Ra1 f4 31. Qb2 Qb7 32. gxf4 gxf4 33. Nh4 Ng5 34. Ng6+ Kg8 35. h4 Nh3+ 36. Kh2 Re6 37. Nxe5 Bxe5 38. Bxe5 Qe7 39. Rg1 Nxg1 40. Kxg1 Qxh4 41. Bxc6 Qg3+ 42. Qg2 Rxe5 43. exf4 Re1+ 44. Rxe1 Qxe1+ 45. Kh2 Qe2 46. d4 Nxf4 47. Qxe2 Bxe2 48. c5 Nd3 49. Nd5 Kf7 50. Bb7 Rd8 51. c6 Bg4 52. Ne3 Bc8 53. c7 Re8 54. Bd5+ Ke7 55. Bc6 Rg8 56. Nc4 Nb4 57. Ba4 Nd5 0-1

[Event "Hannover Region-ch"]
[Site "Hannover"]
[Date "2016.01.30"]
[Round "2"]
[White "Schoenfeld, Dietmar"]
[Black "Schulze, Torben"]
[Result "0-1"]
[WhiteElo "1915"]
[BlackElo "2301"]
[PlyCount "114"]
[EventDate "2016.01.16"]
[EventType "swiss"]
[EventRounds "7"]
[EventCountry "GER"]
[SourceTitle "EXT 2020"]
[Source "ChessBase"]
[SourceDate "2019.10.17"]
[SourceVersion "1"]
[SourceVersionDate "2019.10.17"]
[SourceQuality "1"]

1. g3 e5 2. Bg2 d5 3. d3 g6 4. c4 d4 5. Nf3 Bg7 6. 0-0 Ne7 7. Nbd2 0-0 8. Rb1 a5 9. b3 Nec6 10. a3 Na6 11. Ne1 Qe7 12. Nc2 Kh8 13. Nf3 Rb8 14. Bd2 Bf5 15. b4 axb4 16. axb4 Nd8 17. b5 Nc5 18. Bb4 b6 19. Nd2 Nde6 20. Ra1 Rfe8 21. Bc6 Red8 22. Ra7 Bh3 23. Re1 f5 24. Nb3 Rd6 25. Nxc5 bxc5 26. Ba5 Rxc6 27. bxc6 Qd6 28. Ra6 e4 29. Na3 e3 30. f3 Be5 31. Nb5 Rxb5 32. cxb5 Bxg3 33. Kh1 Bxh2 34. Rg1 Bg3 35. Be1 Bf2 36. Ra8+ Kg7 37. Ra1 Qf4 38. Bxf2 exf2 39. Rg2 Bxg2+ 40. Kxg2 Qh4 41. Qd2 Nf4+ 42. Qxf4 Qxf4 43. Ra7 Kh6 44. b6 cxb6 45. c7 Qg5+ 46. Kxf2 Qe3+ 47. Kf1 Qe8 48. f4 Qc6 49. Kf2 b5 50. Kg3 b4 51. Kf2 b3 52. Ra3 b2 53. Rb3 Qxc7 54. Rxb2 Qxf4+ 55. Kg2 Qg5+ 56. Kf3 Qe3+ 57. Kg2 Kg5 0-1

[Event "Niedersachsen-ch op"]
[Site "Verden"]
[Date "2016.01.04"]
[Round "4"]
[White "Schoenfeld, Dietmar"]
[Black "Pietsch, David"]
[Result "1/2-1/2"]
[WhiteElo "1915"]
[BlackElo "1736"]
[PlyCount "178"]
[EventDate "2016.01.03"]
[EventType "swiss"]
[EventRounds "7"]
[EventCountry "GER"]
[SourceTitle "EXT 2018"]
[Source "ChessBase"]
[SourceDate "2017.10.13"]
[SourceVersion "1"]
[SourceVersionDate "2017.10.13"]
[SourceQuality "1"]

1. e4 e6 2. d4 d5 3. Nd2 Nf6 4. e5 Nfd7 5. Bd3 c5 6. c3 Nc6 7. Ne2 cxd4 8. cxd4 Qb6 9. Nf3 Bb4+ 10. Bd2 f6 11. exf6 Nxf6 12. 0-0 Bxd2 13. Qxd2 0-0 14. Rfe1 Bd7 15. Nc3 Nb4 16. Bb1 Rae8 17. a3 Nc6 18. Bd3 Na5 19. Rad1 Rc8 20. b4 Nc4 21. Bxc4 Rxc4 22. Ne5 Rc7 23. Nxd7 Nxd7 24. Na4 Qd6 25. Nc5 Rf6 26. Nxd7 Rxd7 27. Rc1 Rc7 28. Rxc7 Qxc7 29. Rc1 Qb6 30. Rc5 a6 31. g3 h6 32. f4 Qd6 33. Qc2 Qb6 34. Kg2 Rf8 35. Qc3 Re8 36. Rc7 Qb5 37. Kf2 a5 38. Qc2 Qb6 39. Qc5 Qa7 40. b5 Qa8 41. Qd6 Qd8 42. Qxd8 Rxd8 43. Rxb7 Rc8 44. Re7 Rc3 45. Rxe6 Rxa3 46. Re3 Ra4 47. Rb3 Rc4 48. b6 Rc8 49. Rb5 Rb8 50. Rxa5 Rxb6 51. Rxd5 Rb2+ 52. Kg1 Kf7 53. Re5 Rd2 54. d5 Rd1+ 55. Kg2 Rd2+ 56. Kh3 Kf6 57. Kg4 Rxh2 58. Re6+ Kf7 59. Kf5 Rd2 60. Ke5 Re2+ 61. Kd6 Rd2 62. f5 Rd3 63. g4 Rd1 64. Kc6 Rc1+ 65. Kd7 Rd1 66. d6 Rc1 67. Kd8 Rc2 68. Re7+ Kf8 69. Rc7 Ra2 70. Rb7 Rc2 71. d7 Kf7 72. Rc7 Ra2 73. Kc8 Ra8+ 74. Kb7 Rd8 75. Kc6 Ke7 76. Ra7 Rf8 77. Rb7 Rd8 78. Rc7 Ra8 79. Rc8 Ra6+ 80. Kb7 Rd6 81. Re8+ Kxd7 82. Rg8 Rf6 83. Rxg7+ Kd6 84. Kb6 Kd5+ 85. Kb5 Ke5 86. Kc5 Kf4 87. Kd5 h5 88. Rg6 Rf8 89. gxh5 Rxf5+ 1/2-1/2

[Event "Hannover-chC"]
[Site "Lehrte"]
[Date "2015.11.01"]
[Round "7"]
[White "Schoenfeld, Dietmar"]
[Black "Abel, Dennes"]
[Result "0-1"]
[WhiteElo "1798"]
[BlackElo "2412"]
[PlyCount "102"]
[EventDate "2015.10.29"]
[EventType "swiss"]
[EventRounds "7"]
[EventCountry "GER"]
[SourceTitle "EXT 2021"]
[Source "ChessBase"]
[SourceDate "2020.10.23"]
[SourceVersion "1"]
[SourceVersionDate "2020.10.23"]
[SourceQuality "1"]

1. e4 g6 2. d4 Bg7 3. f4 d6 4. Nf3 a6 5. Be2 c5 6. d5 Nf6 7. Nc3 b5 8. e5 Nfd7 9. e6 fxe6 10. Ng5 Nf6 11. dxe6 0-0 12. Bf3 Ra7 13. 0-0 Qe8 14. Qe2 Nc6 15. Bxc6 Qxc6 16. f5 gxf5 17. Rxf5 Bb7 18. Nf7 Rxf7 19. exf7+ Kf8 20. Bg5 Bc8 21. Rf4 b4 22. Bxf6 exf6 23. Re1 Rxf7 24. Nd5 f5 25. Ne7 Qd7 26. Nxc8 Qxc8 27. Qd3 Be5 28. Rf3 Qe6 29. Ref1 f4 30. b3 a5 31. g3 Qh3 32. Kh1 Qe6 33. gxf4 Bd4 34. h3 Qd5 35. Kh2 Re7 36. Rg3 Qh5 37. Qf3 Qxf3 38. Rfxf3 Re1 39. Rg2 Ra1 40. h4 Rxa2 41. Rfg3 a4 42. bxa4 Rxa4 43. Rg8+ Kf7 44. Rb8 Ke6 45. Kg3 h5 46. Kf3 Ra3+ 47. Ke2 Re3+ 48. Kd2 Kd5 49. Rg5+ Kc4 50. Rxh5 Re4 51. Rd8 Bc3+ 0-1

[Event "Niedersachsen-ch op-A"]
[Site "Verden"]
[Date "2015.01.02"]
[Round "2"]
[White "Boehm, Jana"]
[Black "Schoenfeld, Dietmar"]
[Result "1-0"]
[WhiteElo "1827"]
[BlackElo "1964"]
[PlyCount "97"]
[EventDate "2015.01.02"]
[EventType "swiss"]
[EventRounds "7"]
[EventCountry "GER"]
[SourceTitle "EXT 2018"]
[Source "ChessBase"]
[SourceDate "2017.10.13"]
[SourceVersion "1"]
[SourceVersionDate "2017.10.13"]
[SourceQuality "1"]

1. e4 c5 2. Nf3 d6 3. d4 cxd4 4. Nxd4 Nf6 5. Nc3 a6 6. f3 e6 7. Be3 Qc7 8. Qd2 Be7 9. g4 0-0 10. 0-0-0 b5 11. h4 b4 12. Nce2 Bb7 13. h5 Rc8 14. Kb1 Nxe4 15. fxe4 Bxe4 16. Ng3 Bxh1 17. Nxh1 d5 18. g5 g6 19. hxg6 hxg6 20. Bh3 Qd6 21. Bf4 Qb6 22. Qe1 Bc5 23. Nf3 Nd7 24. Ne5 Nxe5 25. Bxe5 Bf8 26. Nf2 Bg7 27. Bf6 Rc4 28. Bf1 Rf4 29. Bxg7 Qxf2 30. Qxf2 Rxf2 31. Bf6 Kf8 32. Bd3 Rh2 33. c4 bxc3 34. Bxc3 Ke7 35. Bb4+ Ke8 36. Bc2 Rb8 37. Ba4+ Kd8 38. Bc3 Rh4 39. Bf6+ Kc8 40. Be8 Rb7 41. b3 Kb8 42. Rc1 Rc4 43. Be5+ Ka7 44. Rxc4 dxc4 45. Bc6 Rb4 46. Bd6 Rb6 47. Bc5 cxb3 48. axb3 a5 49. Be8 1-0

[Event "Hannover-chB"]
[Site "Lehrte"]
[Date "2014.10.28"]
[Round "7"]
[White "Frese, Immo"]
[Black "Schoenfeld, Dietmar"]
[Result "1/2-1/2"]
[WhiteElo "1609"]
[BlackElo "1757"]
[PlyCount "56"]
[EventDate "2014.10.25"]
[EventType "tourn"]
[EventRounds "7"]
[EventCountry "GER"]
[SourceTitle "EXT 2021"]
[Source "ChessBase"]
[SourceDate "2020.10.23"]
[SourceVersion "1"]
[SourceVersionDate "2020.10.23"]
[SourceQuality "1"]

1. e4 c5 2. Nc3 d6 3. g3 Nc6 4. Bg2 g6 5. d3 Bg7 6. f4 e6 7. Nf3 Nge7 8. 0-0 0-0 9. Be3 Rb8 10. Qd2 b5 11. Rab1 Qa5 12. a3 b4 13. axb4 Rxb4 14. Ra1 Qb6 15. Na4 Qb5 16. Nc3 Qb7 17. b3 Nd4 18. e5 Qb8 19. exd6 Nef5 20. Bf2 Nxd6 21. Ra4 Bd7 22. Ra5 Qb6 23. Rfa1 Nxf3+ 24. Bxf3 Nb5 25. Ne4 Rxe4 26. Bxe4 Bxa1 27. Rxa1 Nd4 28. Be3 Rc8 1/2-1/2

[Event "Niedersachsen-ch op-A"]
[Site "Verden"]
[Date "2014.01.05"]
[Round "7"]
[White "Schoenfeld, Dietmar"]
[Black "Ewert, Hannes"]
[Result "1-0"]
[WhiteElo "1989"]
[BlackElo "1749"]
[PlyCount "119"]
[EventDate "2014.01.02"]
[EventType "swiss"]
[EventRounds "7"]
[EventCountry "GER"]
[SourceTitle "EXT 2016"]
[Source "ChessBase"]
[SourceDate "2015.10.08"]
[SourceVersion "1"]
[SourceVersionDate "2015.10.08"]
[SourceQuality "1"]

1. c4 g6 2. Nc3 Bg7 3. Nf3 Nf6 4. g3 0-0 5. Bg2 d6 6. 0-0 c5 7. d4 Nc6 8. h3 cxd4 9. Nxd4 Bd7 10. Nc2 Rc8 11. Rb1 Na5 12. b3 a6 13. Nd4 b5 14. cxb5 Rxc3 15. bxa6 Qb6 16. Bb2 Rc7 17. Qd3 Rfc8 18. Rbc1 Rxc1 19. Rxc1 Rxc1+ 20. Bxc1 e5 21. Nc2 Bb5 22. a7 Qxa7 23. Qxb5 Qc7 24. Bd2 Qxc2 25. Qxa5 Bf8 26. Bg5 Kg7 27. Qd2 Qxd2 28. Bxd2 d5 29. a4 Bc5 30. b4 Ba7 31. a5 e4 32. b5 Nd7 33. Bf4 Kf6 34. Bc7 Ke7 35. b6 Bb8 36. a6 Bxc7 37. bxc7 Nb6 38. f3 f5 39. fxe4 fxe4 40. Kf2 Kd7 41. Ke3 Kxc7 42. Kd4 Kd6 43. e3 Na8 44. Bf1 Nc7 45. Be2 h5 46. h4 Ne6+ 47. Kc3 Kc5 48. g4 Kb6 49. gxh5 gxh5 50. Bxh5 Kxa6 51. Bf7 Ng7 52. h5 Nf5 53. Be6 Ne7 54. Kd4 Kb6 55. Bxd5 Kc7 56. Ke5 Kd7 57. Bxe4 Ng8 58. Bd5 Nh6 59. Kf4 Ke7 60. Kg5 1-0

[Event "Niedersachsen-ch op-A"]
[Site "Verden"]
[Date "2014.01.03"]
[Round "3"]
[White "Schoenfeld, Dietmar"]
[Black "Woellermann, Jan"]
[Result "0-1"]
[WhiteElo "1989"]
[BlackElo "2205"]
[PlyCount "78"]
[EventDate "2014.01.02"]
[EventType "swiss"]
[EventRounds "7"]
[EventCountry "GER"]
[SourceTitle "EXT 2016"]
[Source "ChessBase"]
[SourceDate "2015.10.08"]
[SourceVersion "1"]
[SourceVersionDate "2015.10.08"]
[SourceQuality "1"]

1. Nf3 c5 2. g3 g6 3. Bg2 Bg7 4. 0-0 Nc6 5. d3 d6 6. e4 e5 7. Nc3 Nge7 8. Be3 0-0 9. Qd2 Nd4 10. Bh6 Be6 11. Bxg7 Nxf3+ 12. Bxf3 Kxg7 13. Bg2 Rb8 14. Rae1 b5 15. a3 a5 16. Nd1 Qc7 17. f4 f6 18. Ne3 Qd7 19. Qe2 b4 20. axb4 cxb4 21. g4 a4 22. f5 Bg8 23. Rf2 g5 24. Bf3 h6 25. h4 Bf7 26. Rh2 Rh8 27. Kg2 a3 28. bxa3 bxa3 29. hxg5 hxg5 30. Rxh8 Kxh8 31. Ra1 Qa4 32. Kg3 Kg7 33. Qd2 Nc6 34. Bd1 Rb2 35. Qc3 Qd4 36. Qxd4 exd4 37. Nd5 a2 38. c4 Bxd5 39. cxd5 Nb4 0-1

[Event "Niedersachsen-ch op-A"]
[Site "Verden"]
[Date "2014.01.02"]
[Round "1"]
[White "Prenzler, Daniel"]
[Black "Schoenfeld, Dietmar"]
[Result "1-0"]
[WhiteElo "2203"]
[BlackElo "1989"]
[PlyCount "63"]
[EventDate "2014.01.02"]
[EventType "swiss"]
[EventRounds "7"]
[EventCountry "GER"]
[SourceTitle "EXT 2016"]
[Source "ChessBase"]
[SourceDate "2015.10.08"]
[SourceVersion "1"]
[SourceVersionDate "2015.10.08"]
[SourceQuality "1"]

1. e4 c5 2. Nf3 e6 3. Qe2 Nc6 4. g3 b6 5. Bg2 Bb7 6. 0-0 Be7 7. Re1 d6 8. c3 Nf6 9. d3 0-0 10. Nbd2 d5 11. e5 Nd7 12. Nf1 Qc7 13. Bf4 b5 14. h4 Rfd8 15. N1h2 a5 16. Ng4 b4 17. Ng5 a4 18. Nf6+ Bxf6 19. exf6 e5 20. Bxd5 Rf8 21. fxg7 Kxg7 22. Qg4 Kf6 23. Nxh7+ Ke7 24. Bg5+ Kd6 25. Nxf8 Rxf8 26. Be4 f6 27. Bh6 Rf7 28. Qg8 Ke7 29. h5 Nd8 30. Bg7 f5 31. Bxb7 Qxb7 32. Bxe5 1-0

[Event "Hannover Ihme Cup"]
[Site "Hannover"]
[Date "2013.05.05"]
[Round "5"]
[White "Braun, Ingram H"]
[Black "Schoenfeld, Dietmar"]
[Result "1-0"]
[WhiteElo "2024"]
[BlackElo "2002"]
[PlyCount "43"]
[EventDate "2013.05.03"]
[EventType "swiss"]
[EventRounds "5"]
[EventCountry "GER"]
[SourceTitle "EXT 2021"]
[Source "ChessBase"]
[SourceDate "2020.10.23"]
[SourceVersion "1"]
[SourceVersionDate "2020.10.23"]
[SourceQuality "1"]

1. e4 c5 2. c3 d5 3. exd5 Qxd5 4. d4 g6 5. Nf3 Bg7 6. Na3 cxd4 7. Bc4 Qe4+ 8. Be3 Bg4 9. cxd4 Nh6 10. Qb3 e6 11. Nb5 0-0 12. Bd3 Qc6 13. Rc1 Qd7 14. Nc7 Bxf3 15. gxf3 Nc6 16. Nxa8 Rxa8 17. Bb5 Nf5 18. Bxc6 bxc6 19. Qc4 Nxd4 20. Bxd4 Bxd4 21. Qxc6 Qe7 22. Qxa8+ 1-0

[Event "Hannover Region-ch"]
[Site "Hannover"]
[Date "2013.03.02"]
[Round "4"]
[White "Braun, Alexander"]
[Black "Schoenfeld, Dietmar"]
[Result "1-0"]
[WhiteElo "1661"]
[BlackElo "1867"]
[PlyCount "59"]
[EventDate "2013.01.26"]
[EventType "swiss"]
[EventRounds "7"]
[EventCountry "GER"]
[SourceTitle "EXT 2021"]
[Source "ChessBase"]
[SourceDate "2020.10.23"]
[SourceVersion "1"]
[SourceVersionDate "2020.10.23"]
[SourceQuality "1"]

1. d4 Nf6 2. c4 g6 3. Nc3 Bg7 4. e4 d6 5. f4 0-0 6. Nf3 c5 7. d5 b5 8. cxb5 a6 9. a4 Qa5 10. Bd2 Qb4 11. Bd3 c4 12. Bc2 Qxb2 13. Rb1 Qa3 14. e5 dxe5 15. fxe5 Ng4 16. Ne4 Nxe5 17. Bc1 Nd3+ 18. Bxd3 Qxd3 19. Qxd3 cxd3 20. b6 Bb7 21. Ba3 Bxd5 22. Nc5 Nc6 23. b7 Ra7 24. Nd7 Bc3+ 25. Kf2 Nb8 26. Nxf8 Rxb7 27. Rxb7 Bxb7 28. Rb1 Bc6 29. Rxb8 d2 30. Ne6+ 1-0

[Event "Niedersachsen-ch op-A"]
[Site "Verden"]
[Date "2013.01.05"]
[Round "6"]
[White "Raetzke von Stoyentin, Steffen"]
[Black "Schoenfeld, Dietmar"]
[Result "1-0"]
[WhiteElo "1754"]
[BlackElo "2023"]
[PlyCount "67"]
[EventDate "2013.01.03"]
[EventType "swiss"]
[EventRounds "7"]
[EventCountry "GER"]
[SourceTitle "EXT 2014"]
[Source "ChessBase"]
[SourceDate "2013.11.20"]
[SourceVersion "1"]
[SourceVersionDate "2013.11.20"]
[SourceQuality "1"]

1. d4 Nf6 2. c4 g6 3. Nc3 Bg7 4. e4 d6 5. Nf3 0-0 6. Be2 e5 7. 0-0 Nc6 8. d5 Ne7 9. Ne1 Nd7 10. Nd3 f5 11. Bd2 Nf6 12. f3 f4 13. c5 Rf7 14. Rc1 g5 15. Nb5 Ng6 16. Ba5 b6 17. cxd6 cxd6 18. Bb4 Bf8 19. Rxc8 Rxc8 20. h3 Qd7 21. Nf2 h5 22. Nc3 Qb7 23. Qa4 a5 24. Ba3 Nd7 25. Bb5 Nc5 26. Bxc5 Rxc5 27. Bc6 Qb8 28. Nd3 Rxc6 29. dxc6 Ne7 30. Rc1 Rg7 31. Nf2 Qc8 32. Qc4+ Kh7 33. Nb5 Ng8 34. c7 1-0